1291 1272 1472 1458 1011 1397 1020 1960 1406 1362 1980 1322 1352 1466 1719 1102 1147 1932 1566 1212 1882 1303 1723 1033 1029 1625 1853 1972 1799 1027 1127 1528 1504 1894 1849 1648 1714 1632 1213 1566 1062 1253 1138 1118 1663 1455 1275 1065 1442 1850 1063 1020 1448 1214 1318 1906 1971 1294 1383 1046 1559 1837 1484 1615 1861 1217 1963 1703 1891 1073 1698 1590 1137 1778 1298 1567 1325 1692 1306 1736 1771 1090 1191 1144 1711 1291 1195 1076 1766 1854 1677 1921 1825 1811 1920 1297 1499 1424 1181 BCNSPRNW ULIB Ver.6.0+V

เปลี่ยนเป็นภาษาไทย

Change to English
 แสดงรายละเอียดบรรณานุกรม
  กลับหน้าหลัก

Brief Record : Get Marc (ISO 2709) : E-mail record : QR code < ปิดหน้าต่าง
LEADER : 00000nam 2200000uu 4500
001    13399122613
003     ULIB
008    130819s|255||||th 000 0 tha d
020    ^a9786162791079
060 04 ^aWB105^bฟ692 2555
110 1  ภาควิชาเวชศาสตร์ฉุกเฉิน คณะแพทยศาสตร์ศิริราชพยาบาล มหาวิทยาลัยมหิดล
245 00 ^aFirst Hour in Emergency Room :^bthe practical approach 2012 /^cภาควิชาเวชศาสตร์ฉุกเฉิน คณะแพทยศาสตร์ศิริราชพยาบาล มหาวิทยาลัยมหิดล.
250    ^aพิมพ์ครั้งที่ 1.
260    ^aกรุงเทพฯ :^bภาควิชาเวชศาสตร์ฉุกเฉิน คณะแพทยศาสตร์ศิริราชพยาบาล มหาวิทยาลัยมหิดล,^c2555.
300    ^a371 หน้า :^bภาพประกอบ ;^c30 ซม.
505 0  ^a-- Future trend in Thai emergency medicine -- Hoe to improve outcome in cardiac arrest patients: New guideline and devices -- What''s new in pediatric cardiopulmonary resuscitation (CPR) 2010 guidelines? -- Neonatal Resusctation Update 2010 -- First hour management of septic shock -- Early goal directed therapy in pediatric septic shock -- Approach to acute dyspnea -- Non-invasive ventitation in ER setting -- การดูแลระบบทางเดินหายใจในสถานการณ์ฉุกเฉิน -- การปรับเครื่องช่วยหายใจสำหรับผู้ป่วยในห้องฉุกเฉิน -- ความผิดปกติของคลื่นไฟฟ้าหัวใจที่พบบ่อยในห้องฉุกเฉิน -- Acute ST segment elevation myocardial infarction -- การดูแลผู้ป่วยเจ็บหน้าอกที่มีความเสี่ยงต่อการเป็นโรคหลอดเลือดหัวใจต่ำ -- Acute Aortic Dissection -- ภาวะทางเดินอาหารอุดตัน -- การตั้งครรภ์นอกมดลูก -- Acute Stroke Care: Improving the Recognition and Management of acute Stroke -- Imaging of acute ischemic stroke -- การรักษาภาวะสมองขาดเลือดเฉียบพลันโดยการใส่สายสวนหลอดเลือดแดง -- การประเมินและช่วยเหลือเบื้องต้นในผู้ป่วยที่ได้รับบาดเจ็บแผลไฟไหม้ -- การดูแลผู้ป่วยทางพิษวิทยาที่ห้องฉุกเฉิน 2012 -- พิษวิทยาที่พบบ่อยในเด็ก -- การดูแลผู้ป่วยจากการปนเปื้อนวัตถุอันตราย -- Update Pre-hospital Care 2012^b
650  7 ^aการพยาบาลฉุกเฉิน
650  7 ^aภาวะฉุกเฉิน^xการรักษา
653    ^aผลงานอาจารย์คณะแพทยศาสตร์ศิริราชพยาบาล
700 0  ^aไชยรัตนฺ เพิ่มพิกุล,^eบรรณาธิการ
700 0  ^aทิพา ชาคร,^eบรรณาธิการ
710 2  ^aมหาวิทยาลัยมหิดล. ^bคณะแพทยศาสตร์ศิริราชพยาบาล. ^bภาควิชาเวชศาสตร์ฉุกเฉิน
945    ^p350^l0^i033802
945    ^p350^l0^i033803
945    ^p350^l0^i033804
999    ^aเกษร โพธิ์สุวรรณ
รายการนี้ยังไม่มีแท็ก
คุณยังไม่ได้ล็อกอิน คุณสามารถมีกิจกรรมร่วมกับเว็บไซต์ได้ แต่ต้องล็อกอินก่อน ::
  ล็อกอิน

รายการสื่อสารสนเทศ

ลำดับที่ ประเภท เลขเรียก/บาร์โค้ด สถานที่ สถานะ
1. วิทยาศาสตร์การแพทย์ และสุขภาพ
หนังสือสำรอง
สถานะ=หนังสือสำรอง
WB105 ฟ692 2555 ฉ.1 
  Barcode: 033802
ห้องสมุดวิทยาเขตสวรรค์ประชารักษ์
►ส่วนจัดเก็บหนังสือเก่า สปร
บนชั้น
  ขอยืม
2. วิทยาศาสตร์การแพทย์ และสุขภาพ
วิทยาศาสตร์การแพทย์ และสุขภาพ
สถานะ=หนังสือเก่า
WB105 ฟ692 2555 ฉ.2 
  Barcode: 033803
ห้องสมุดวิทยาเขตสวรรค์ประชารักษ์
►ส่วนจัดเก็บหนังสือเก่า สปร
บนชั้น
  ขอยืม
3. วิทยาศาสตร์การแพทย์ และสุขภาพ
วิทยาศาสตร์การแพทย์ และสุขภาพ
WB105 ฟ692 2555 ฉ.3 
  Barcode: 033804
ห้องสมุดวิทยาเขตสวรรค์ประชารักษ์
►ส่วนจัดเก็บหนังสือเก่า สปร
บนชั้น
  ขอยืม

รายการใกล้เคียง
    หัวเรื่อง [การพยาบาลฉุกเฉิน]

BibComment


ยังไม่เคยถูกคอมเมนท์

คอมเมนท์ทรัพยากรรายการนี้
  คอมเมนท์: First Hour in Em..


 Copyright 2026. Bcnsprnw @Library